Giáo trình tâm lý học báo chí

Tìm hiểu về tâm lí học ứng dụng trong nghề báo, tâm lí tiếp nhận sản phẩm báo chí, giao tiếp báo chí và tâm lí sáng tạo của người làm báo

Guardado en:
Detalles Bibliográficos
Autor principal: Đỗ Thị Thu Hằng
Formato: Libro
Lenguaje:Vietnamese
Publicado: Tp. Hồ Chí Minh Đại học Quốc gia Tp. Hồ Chí Minh 2013
Materias:
Etiquetas: Agregar Etiqueta
Sin Etiquetas, Sea el primero en etiquetar este registro!
Thư viện lưu trữ: Mạng thư viện Đại học Đà Nẵng
LEADER 01495aam a22003738a 4500
001 000019934
003 16375
005 20141202111200.0
008 141202s2013 viesd
020 |c 49000đ  |d 1000b 
041 0 |a vie 
082 1 4 |2 14  |a 070.019  |b ĐÔ-H 
100 1 |a Đỗ Thị Thu Hằng 
245 1 0 |a Giáo trình tâm lý học báo chí  |c Đỗ Thị Thu Hằng 
260 |a Tp. Hồ Chí Minh  |b Đại học Quốc gia Tp. Hồ Chí Minh  |c 2013 
300 |a 161 tr.  |b hình vẽ, bảng  |c 21 cm. 
500 |a ĐTTS ghi: Học viện Báo chí và Tuyên truyền 
504 |a Thư mục: tr. 139-141. - Phụ lục: tr. 142-161 
520 |a Tìm hiểu về tâm lí học ứng dụng trong nghề báo, tâm lí tiếp nhận sản phẩm báo chí, giao tiếp báo chí và tâm lí sáng tạo của người làm báo 
650 0 4 |2 Bộ TK TVQG  |a Tâm lí học  |x Báo chí 
650 7 |2 Bộ TK TVQG 
653 |a Báo chí 
653 |a Tâm lý học 
655 7 |2 Bộ TK TVQG  |a Giáo trình 
OWN |a LSP 
AVA |a UDN50  |b LSP  |d 070.019 ĐÔ-H  |e check_holdings  |t Error 5003 Not defined in file expand_doc_bib_avail.  |h N  |k 1 
999 |a From the UDN01 
AVA |a UDN50  |b LSP  |d 070.019 ĐÔ-H  |e available  |t Error 5001 Not defined in file expand_doc_bib_avail.  |f 30  |g 8  |h N  |i 57  |k 1 
TYP |a Monograph 
TYP |a Printed language 
980 |a Mạng thư viện Đại học Đà Nẵng